zpět

Detail výsledku týmu

U Grizzlyho, Opava

Datum a čas kvízu

14 Celkem bodů Celkový počet nahraných bodů na tomto kvízu bez doplňovacích otázek.
4. Pořadí na kvízu Konečné umístění týmu na tomto kvízu.

Zaznamenané odpovědi

# Otázka Odpověď Body Výsledky
1. Centrum pro výzkum veřejného m... 1B 2D 3C 4A 1
2. Dvacetiletá Árifa Sultánaová z... má dvě dělohy (uznáváme i zdvojenou dělohu) 1
3. Videoklip jedné hudební kapely... Rammstein 0
4. Tři moravské pivovary přestan... Litovel, Zubr, Holba 0
5. Doplňte jedním slovem dialog,... popelník 0
6. Vaším úkolem bude uhodnout kře... Jan / Stanislav Tříska 0
7. Nejstarší muž z naší trojice b... Otokar / Karel / Michal Březina 0
8. Úspěšný kanadský režisér se na... James / David Cameron 0
9. Tento anglický herec, držitel... Clive / Michael Owen 0
10. Tento francouzský filozof, spi... Jean-Jacques / Henri Rousseau 0